Загрузка...
Absorption spectrophotometry, eng /
| Главный автор: | |
|---|---|
| Язык: | Undetermined |
| Опубликовано: |
1958.
|
| Редактирование: | 2nd ed |
| Предметы: |
| LEADER | 00512nam a2200181Ia 4500 | ||
|---|---|---|---|
| 001 | 18778 | ||
| 008 | 170722s9999 xx 000 0 und d | ||
| 100 | |a Lothian, G. F. | ||
| 245 | |a Absorption spectrophotometry, eng / | ||
| 250 | |a 2nd ed | ||
| 260 | |c 1958. | ||
| 653 | |a Interference | ||
| 653 | |a Light | ||
| 653 | |a Physics | ||
| 653 | |a Radiation | ||
| 942 | |c GEN | ||
| 999 | |c 60295 |d 60295 | ||
| 952 | |0 0 |1 0 |4 0 |6 C_571_C_6_000000000000000_J8 |7 0 |9 86060 |a LIB |b LIB |d 2013-03-25 |o C5:71, C 6 J8 |p 90741 |r 2017-08-12 |w 2017-08-12 |y GEN | ||